000 00324nam a2200133Ia 4500
008 220204s9999 xx 000 0 und d
082 _a630*81
_bGIB
100 _aGIBBIA, S W
245 0 _aWood finishing and refinishing
250 _a3
260 _aNew York
_bVan Nostrand
_c1981
650 _aWood finishing
942 _cBK
999 _c36739
_d36739